| Поле | Инд. | ПП | Название | Значение |
|---|---|---|---|---|
| Тип записи | a | |||
| Библиографический уровень | a | |||
| 001 | Контрольный номер | b6150bf28ecd40d5911e0089ea388506 | ||
| 005 | Дата корректировки | 20260703154102.9 | ||
| 040 | a | Служба первич. каталог. | 10013504 | |
| 041 | 0_ | a | Код языка текста | rus |
| 245 | 10 | a | Заглавие | Оптимизация процесса получения сферического порошка циркония плазменным распылением проволоки с применением математической статистики |
| 260 | a | Место издания | Москва | |
| b | Издательство | МАИ | ||
| 504 | a | Библиография | Библиогр.: с.138 (13 назв.) | |
| 653 | 0_ | a | Ключевые слова | АВТОР МАИ; ЦИРКОНИЙ-ПОРОШКИ |
| 700 | 12 | a | Другие авторы | Козлов А.Н. |
| 700 | 12 | a | Другие авторы | Дубинин Г.Н. |
| q | Полное имя | Дубинин Георгий Николаевич | ||
| 700 | 12 | a | Другие авторы | Александрова И.Ф. |
| 700 | 12 | a | Другие авторы | Кравецкий Г.А. |
| q | Полное имя | Карякина Надежда Васильевна | ||
| 700 | 12 | a | Другие авторы | Рузинов Л.П. |
| 700 | 12 | a | Другие авторы | Слободчикова Р.И. |
| 773 | 18 | a | Заголовок основной записи | Московский авиационный институт им. С. Орджоникидзе |
| w | Контрольный № источника | d62d2c63ed474c1d8601f9bce85f9d7d | ||
| t | Название источника | Труды института | ||
| d | Место и дата издания | Москва : МАИ, 1971 | ||
| g | Прочая информация | Вып. 228. - С.130-138 | ||
| 901 | t | Тип документа | a |